00935nam a2200217 i 450000100060000000300090000600500170001500700030003200800410003510000280007624502230010426000430032730000210037065000280039170000330041970000420045274000520049485200320054699900170057895201220059590103ES-MaACL20250701021846.0t|050118s1969 sp ||||1| spa d1 aLefebvre, Henri.97122510aAjuste de cuentas con el estructuralismo b: Claude Levi Strauss y el nuevo eleatismo / cHenri Lefebvre. Ajuste de cuentas con la poética estructural / Galvano Della Volpe ; [traducción, María Esther Benítez]. a[Madrid : bAlberto Corazón, c1969] a92 p. ; c18 cm.04aEstructuralismo.9125671 aDella Volpe, Galvano.9435381 aBenítez, Esther, d1937-20019276000 aAjuste de cuentas con la poética estructural. aES-MaACLjC-52278 bR.72197 c90103d90103 00104070aATENEOMbATENEOMcDEPO2d2008-01-17eSCl0oC-52278p1094096r2023-02-23 00:00:00w2023-02-23yMONOGRAFIA